Music Quiz

Random Music or Album Quiz

Katy Perry Songs by Any Word Quiz Stats

 Plays Quiz Updated Mar 21, 2019

Score 0/65 Timer 06:00
1 Play Today
Hint Answer % Correct
One Of The BoysI Kissed A Girl
95.9%
Teenage DreamWho Am I Living For?
89.2%
One Of The BoysOne Of The Boys
87.2%
WitnessChained To The Rhythm
86.1%
Teenage DreamThe One That Got Away
85.8%
PrismBy The Grace Of God
85.1%
Teenage DreamNot Like The Movies
83.3%
Teenage DreamCircle The Drain
82%
One Of The BoysThinking Of You
81%
One Of The BoysIf You Can Afford Me
80.5%
WitnessInto Me You See
79.7%
PrismLove Me
77.4%
One Of The BoysHot n Cold
76.9%
Katy HudsonTrust In Me
76%
WitnessMiss You More
73.6%
PrismThis Is How We Do
70.8%
WitnessBigger Than Me
69.8%
Teenage DreamTeenage Dream
69%
Katy HudsonSearch Me
68.8%
One Of The BoysWaking Up In Vegas
67.2%
PrismWalking On Air
64.1%
PrismRoar
61.2%
Teenage DreamCalifornia Gurls
55.8%
Teenage DreamFirework
54.8%
Teenage DreamLast Friday Night (T.G.I.F.)
48.6%
PrismIt Takes Two
43.2%
PrismDark Horse
43.1%
One Of The BoysUr So Gay
42.2%
PrismThis Moment
37.6%
PrismChoose Your Battles
35.6%
Katy HudsonMy Own Monster
35.2%
Teenage DreamE.T.
34.2%
Katy HudsonLast Call
32.8%
Hint Answer % Correct
Katy HudsonWhen There's Nothing Left
32.5%
WitnessWitness
30.7%
WitnessSwish Swish
27.6%
WitnessSave As Draft
23.3%
One Of The BoysI'm Still Breathing
22%
WitnessBon Appetit
21.8%
PrismBirthday
19.6%
PrismUnconditionally
19.3%
Teenage DreamPeacock
19.1%
WitnessHey Hey Hey
15.1%
PrismLegendary Lovers
11.7%
Teenage DreamHummingbird Heartbeat
10.6%
Katy HudsonFaith Won't Fall
10.6%
PrismInternational Smile
9.3%
Teenage DreamPearl
9.2%
PrismDouble Rainbow
9%
One Of The BoysLost
8.3%
PrismGhost
8.1%
WitnessRoulette
7.7%
One Of The BoysMannequin
7.1%
WitnessDeja Vu
7%
WitnessMind Maze
7%
WitnessPower
6.6%
One Of The BoysFingerprints
6.5%
WitnessTsunami
6.2%
One Of The BoysSelf Inflicted
6.1%
WitnessPendulum
5.8%
PrismSpiritual
5.3%
Katy HudsonPiercing
4.2%
Katy HudsonSpit
4.1%
Katy HudsonGrowing Pains
4.1%
Katy HudsonNaturally
3.9%

You're not logged in!

Compare scores with friends on all Sporcle quizzes.
OR
Log In

Sporcle TV

Today on Sporcle TV


Watch our educational content, quiz creation guides, and fun videos on Sporcle TV.

Show Comments

Extras

Top Quizzes Today


Score Distribution

Your Account Isn't Verified!

In order to create a playlist on Sporcle, you need to verify the email address you used during registration. Go to your Sporcle Settings to finish the process.

Report this User

Report this user for behavior that violates our Community Guidelines.

Details: